[Event "World Chess Olympiad 2018"]
[Site "Batumi"]
[Date "2018.09.26"]
[Round "3"]
[Board "4"]
[WhiteFideId "8604436"]
[White "Li Chao b"]
[BlackFideId "3801969"]
[Black "Cruz Cristhian"]
[Result "1-0"]
[LiveChessVersion "1.4.8"]
[BlackElo "2571"]
[WhiteElo "2708"]

1. e4 {[%clk 1:30:53]} e5 {[%clk 1:30:44]} 2. Nf3 {[%clk 1:31:16]} Nc6
{[%clk 1:31:06]} 3. Bb5 {[%clk 1:31:40]} a6 {[%clk 1:31:25]} 4. Ba4
{[%clk 1:32:05]} Nf6 {[%clk 1:31:23]} 5. O-O {[%clk 1:32:29]} Be7
{[%clk 1:31:05]} 6. Re1 {[%clk 1:32:52]} b5 {[%clk 1:31:02]} 7. Bb3
{[%clk 1:33:16]} d6 {[%clk 1:30:52]} 8. c3 {[%clk 1:33:34]} O-O {[%clk 1:31:00]}
9. d4 {[%clk 1:33:57]} Bg4 {[%clk 1:29:40]} 10. Be3 {[%clk 1:34:15]} Bh5
{[%clk 1:27:09]} 11. h3 {[%clk 1:32:18]} Bg6 {[%clk 1:17:54]} 12. Nbd2
{[%clk 1:32:14]} exd4 {[%clk 1:11:05]} 13. cxd4 {[%clk 1:27:23]} Na5
{[%clk 1:10:20]} 14. Bc2 {[%clk 1:27:29]} c5 {[%clk 1:09:45]} 15. dxc5
{[%clk 1:22:27]} dxc5 {[%clk 1:10:08]} 16. Ne5 {[%clk 1:22:49]} Nd7
{[%clk 1:06:26]} 17. Ndf3 {[%clk 1:04:45]} Nxe5 {[%clk 0:57:28]} 18. Nxe5
{[%clk 1:05:10]} Qxd1 {[%clk 0:54:48]} 19. Raxd1 {[%clk 1:04:46]} Rfd8
{[%clk 0:33:30]} 20. f4 {[%clk 1:01:51]} f6 {[%clk 0:32:00]} 21. Nxg6
{[%clk 1:01:50]} hxg6 {[%clk 0:32:28]} 22. e5 {[%clk 1:00:04]} Rxd1
{[%clk 0:23:49]} 23. Bxd1 {[%clk 0:55:14]} fxe5 {[%clk 0:18:28]} 24. fxe5
{[%clk 0:55:13]} Nc4 {[%clk 0:18:39]} 25. Bb3 {[%clk 0:53:42]} Kf7
{[%clk 0:17:45]} 26. Bd2 {[%clk 0:46:50]} Ke6 {[%clk 0:16:33]} 27. Bc3
{[%clk 0:47:13]} Rf8 {[%clk 0:15:39]} 28. g3 {[%clk 0:42:57]} Kd5
{[%clk 0:13:32]} 29. Kg2 {[%clk 0:32:05]} g5 {[%clk 0:04:09]} 30. a3
{[%clk 0:27:06]} Kc6 {[%clk 0:03:00]} 31. e6 {[%clk 0:25:59]} g6 {[%clk 0:01:21]}
32. Re2 {[%clk 0:22:55]} Rd8 {[%clk 0:01:10]} 33. Bc2 {[%clk 0:21:27]} b4
{[%clk 0:01:26]} 34. axb4 {[%clk 0:21:51]} cxb4 {[%clk 0:01:55]} 35. Be1
{[%clk 0:22:09]} a5 {[%clk 0:02:07]} 36. b3 {[%clk 0:20:44]} Na3 {[%clk 0:00:58]}
37. Bxg6 {[%clk 0:20:36]} Nb5 {[%clk 0:01:15]} 38. Re5 {[%clk 0:19:38]} Rb8
{[%clk 0:00:44]} 39. g4 {[%clk 0:18:22]} Nd4 {[%clk 0:00:32]} 40. Be4+
{[%clk 0:47:29]} Kb6 {[%clk 0:30:33]} 41. Bf2 {[%clk 0:44:45]} Rd8
{[%clk 0:29:26]} 42. Bd5 {[%clk 0:42:40]} 1-0

[Event "World Chess Olympiad 2018"]
[Site "Batumi"]
[Date "2018.09.26"]
[Round "3"]
[Board "2"]
[WhiteFideId "14602296"]
[White "Sebenik Matej"]
[BlackFideId "4650891"]
[Black "Naiditsch Arkadij"]
[Result "0-1"]
[LiveChessVersion "1.4.8"]
[BlackElo "2721"]
[WhiteElo "2570"]

1. d4 {[%clk 1:30:55]} Nf6 {[%clk 1:30:49]} 2. c4 {[%clk 1:31:18]} e6
{[%clk 1:30:51]} 3. Nf3 {[%clk 1:31:36]} d5 {[%clk 1:31:12]} 4. g3
{[%clk 1:31:39]} Bb4+ {[%clk 1:31:09]} 5. Bd2 {[%clk 1:32:03]} Be7
{[%clk 1:31:32]} 6. Bg2 {[%clk 1:32:25]} O-O {[%clk 1:31:53]} 7. O-O
{[%clk 1:32:48]} c6 {[%clk 1:32:08]} 8. Qc2 {[%clk 1:33:11]} b6 {[%clk 1:31:59]}
9. Bf4 {[%clk 1:32:38]} Bb7 {[%clk 1:30:02]} 10. Rd1 {[%clk 1:28:18]} Nbd7
{[%clk 1:27:55]} 11. Nc3 {[%clk 1:26:46]} dxc4 {[%clk 1:24:58]} 12. Nd2
{[%clk 1:26:43]} Nd5 {[%clk 1:19:54]} 13. Nxc4 {[%clk 1:26:58]} Nxf4
{[%clk 1:19:23]} 14. gxf4 {[%clk 1:27:23]} Qc7 {[%clk 1:18:55]} 15. e3
{[%clk 1:27:41]} c5 {[%clk 1:18:34]} 16. d5 {[%clk 1:05:26]} exd5
{[%clk 1:17:42]} 17. Nxd5 {[%clk 1:03:10]} Bxd5 {[%clk 1:18:00]} 18. Bxd5
{[%clk 1:03:26]} Rad8 {[%clk 1:17:46]} 19. a4 {[%clk 1:03:46]} g6
{[%clk 1:01:11]} 20. Rd2 {[%clk 0:51:40]} Nf6 {[%clk 0:59:23]} 21. Rad1
{[%clk 0:51:13]} Nxd5 {[%clk 0:57:49]} 22. Rxd5 {[%clk 0:51:39]} Rxd5
{[%clk 0:53:48]} 23. Rxd5 {[%clk 0:52:04]} Rd8 {[%clk 0:54:07]} 24. Rxd8+
{[%clk 0:20:56]} Qxd8 {[%clk 0:53:55]} 25. Ne5 {[%clk 0:21:21]} Bf6
{[%clk 0:52:25]} 26. Qe4 {[%clk 0:19:36]} Bxe5 {[%clk 0:47:47]} 27. fxe5
{[%clk 0:19:52]} Qd7 {[%clk 0:47:48]} 28. Kg2 {[%clk 0:16:45]} Kg7
{[%clk 0:48:08]} 29. Kg3 {[%clk 0:03:04]} Qe6 {[%clk 0:46:02]} 30. h3
{[%clk 0:03:31]} a6 {[%clk 0:44:33]} 31. f4 {[%clk 0:01:53]} Qb3 {[%clk 0:42:43]}
32. Kf3 {[%clk 0:02:18]} Qd1+ {[%clk 0:39:55]} 33. Kg2 {[%clk 0:02:05]} Qe2+
{[%clk 0:38:23]} 34. Kg3 {[%clk 0:02:32]} Qf1 {[%clk 0:38:08]} 35. Qc2
{[%clk 0:00:42]} h5 {[%clk 0:37:18]} 36. b3 {[%clk 0:00:37]} Kh6 {[%clk 0:36:30]}
37. Qc4 {[%clk 0:00:36]} h4+ {[%clk 0:36:12]} 38. Kh2 {[%clk 0:00:39]} Qf2+
{[%clk 0:36:20]} 39. Kh1 {[%clk 0:01:04]} Qf3+ {[%clk 0:36:36]} 0-1

[Event "World Chess Olympiad 2018"]
[Site "Batumi"]
[Date "2018.09.26"]
[Round "3"]
[Board "3"]
[WhiteFideId "13401653"]
[White "Mamedov Rauf"]
[BlackFideId "14604299"]
[Black "Skoberne Jure"]
[Result "1-0"]
[LiveChessVersion "1.4.8"]
[BlackElo "2565"]
[WhiteElo "2699"]

1. e4 {[%clk 1:30:55]} e6 {[%clk 1:30:53]} 2. d4 {[%clk 1:31:19]} d5
{[%clk 1:31:18]} 3. e5 {[%clk 1:31:47]} c5 {[%clk 1:31:18]} 4. c3
{[%clk 1:32:13]} Nc6 {[%clk 1:31:26]} 5. Nf3 {[%clk 1:32:38]} Bd7
{[%clk 1:30:55]} 6. Be2 {[%clk 1:32:35]} Nge7 {[%clk 1:24:20]} 7. O-O
{[%clk 1:29:44]} Rc8 8. dxc5 {[%clk 1:16:40]} Ng6 {[%clk 1:17:33]} 9. b4
{[%clk 1:16:50]} Be7 {[%clk 1:17:29]} 10. Be3 {[%clk 1:13:29]} O-O
{[%clk 1:14:14]} 11. Nbd2 {[%clk 0:57:24]} Qc7 {[%clk 1:06:58]} 12. Nd4
{[%clk 0:50:58]} Qxe5 {[%clk 1:00:41]} 13. N2b3 {[%clk 0:44:00]} f5
{[%clk 0:53:19]} 14. b5 {[%clk 0:36:26]} Nd8 {[%clk 0:53:12]} 15. c4
{[%clk 0:36:32]} f4 {[%clk 0:29:19]} 16. Bc1 {[%clk 0:36:25]} dxc4
{[%clk 0:27:09]} 17. Bxc4 {[%clk 0:35:49]} Bxc5 {[%clk 0:26:53]} 18. Nf3
{[%clk 0:27:50]} Qd6 {[%clk 0:19:05]} 19. Nxc5 {[%clk 0:26:35]} Qxc5
{[%clk 0:19:24]} 20. Qxd7 {[%clk 0:26:36]} Qxc4 {[%clk 0:19:42]} 21. Ba3
{[%clk 0:26:42]} Rc7 {[%clk 0:11:44]} 22. Qd2 {[%clk 0:26:10]} Qd5
{[%clk 0:08:09]} 23. Qxd5 {[%clk 0:23:13]} exd5 {[%clk 0:08:34]} 24. Bxf8
{[%clk 0:23:41]} Kxf8 {[%clk 0:08:47]} 25. Rac1 {[%clk 0:24:06]} 1-0

[Event "World Chess Olympiad 2018"]
[Site "Batumi"]
[Date "2018.09.26"]
[Round "3"]
[Board "4"]
[WhiteFideId "14608502"]
[White "Markoja Boris"]
[BlackFideId "13402129"]
[Black "Safarli Eltaj"]
[Result "0-1"]
[LiveChessVersion "1.4.8"]
[BlackElo "2676"]
[WhiteElo "2456"]

1. d4 {[%clk 1:30:56]} Nf6 {[%clk 1:30:55]} 2. c4 {[%clk 1:31:21]} b6
{[%clk 1:31:22]} 3. Nf3 {[%clk 1:21:56]} Bb7 {[%clk 1:30:52]} 4. g3
{[%clk 1:22:11]} Bxf3 {[%clk 1:28:56]} 5. exf3 {[%clk 1:22:36]} e6
{[%clk 1:28:53]} 6. Nc3 {[%clk 1:22:08]} Bb4 {[%clk 1:26:28]} 7. Qc2
{[%clk 1:15:29]} O-O {[%clk 1:23:03]} 8. Be2 {[%clk 1:14:42]} c5 {[%clk 1:21:44]}
9. dxc5 {[%clk 1:10:08]} bxc5 {[%clk 1:12:43]} 10. O-O {[%clk 1:06:45]} Nc6
{[%clk 1:12:01]} 11. Be3 {[%clk 1:00:50]} Nd4 {[%clk 1:07:21]} 12. Bxd4
{[%clk 0:51:14]} cxd4 {[%clk 1:07:47]} 13. Na4 {[%clk 0:51:40]} e5
{[%clk 1:03:19]} 14. a3 {[%clk 0:48:27]} Be7 {[%clk 1:02:38]} 15. b4
{[%clk 0:47:27]} d6 {[%clk 0:57:37]} 16. Rfd1 {[%clk 0:46:16]} Rc8
{[%clk 0:56:10]} 17. Qb3 {[%clk 0:42:23]} h5 {[%clk 0:53:36]} 18. Rac1
{[%clk 0:37:26]} h4 {[%clk 0:52:25]} 19. Bf1 {[%clk 0:31:50]} Qd7
{[%clk 0:52:00]} 20. Bg2 {[%clk 0:31:56]} g6 {[%clk 0:50:28]} 21. f4
{[%clk 0:29:40]} h3 {[%clk 0:45:10]} 22. Bh1 {[%clk 0:23:39]} exf4
{[%clk 0:42:15]} 23. Rxd4 {[%clk 0:21:56]} fxg3 {[%clk 0:42:41]} 24. fxg3
{[%clk 0:21:43]} Ng4 {[%clk 0:39:46]} 25. Nc5 {[%clk 0:10:44]} Qc7
{[%clk 0:34:29]} 26. Rxg4 {[%clk 0:10:31]} dxc5 {[%clk 0:34:55]} 27. Bd5
{[%clk 0:10:46]} Kg7 {[%clk 0:35:08]} 28. Re4 cxb4 {[%clk 0:27:02]} 29. axb4
{[%clk 0:09:15]} a5 {[%clk 0:27:14]} 30. bxa5 {[%clk 0:07:48]} Qc5+
{[%clk 0:23:31]} 31. Kf1 {[%clk 0:07:27]} Rb8 {[%clk 0:20:53]} 32. Qf3
{[%clk 0:05:50]} Bg5 {[%clk 0:15:45]} 33. Rce1 {[%clk 0:03:54]} Qxa5
{[%clk 0:15:03]} 34. R4e2 {[%clk 0:03:43]} Rb6 {[%clk 0:09:41]} 35. Kg1
{[%clk 0:03:36]} Rf6 {[%clk 0:07:29]} 36. Qg4 {[%clk 0:02:39]} Bd2
{[%clk 0:04:47]} 37. Rd1 {[%clk 0:02:16]} Bb4 {[%clk 0:01:44]} 38. Qxh3
{[%clk 0:01:59]} Rh8 {[%clk 0:01:38]} 39. Qg2 {[%clk 0:00:59]} Rh5
{[%clk 0:00:47]} 40. Kh1 {[%clk 0:30:38]} Qa4 {[%clk 0:30:32]} 41. Rb1
{[%clk 0:26:07]} Bd6 {[%clk 0:19:16]} 42. Rf2 {[%clk 0:21:27]} Rxf2
{[%clk 0:18:34]} 43. Qxf2 {[%clk 0:21:52]} Rxd5 {[%clk 0:18:48]} 0-1

[Event "World Chess Olympiad 2018"]
[Site "Batumi"]
[Date "2018.09.26"]
[Round "3"]
[Board "1"]
[WhiteFideId "2101246"]
[White "Leitao Rafael"]
[BlackFideId "400041"]
[Black "Adams Michael"]
[Result "1/2-1/2"]
[LiveChessVersion "1.4.8"]
[BlackElo "2712"]
[WhiteElo "2620"]

1. d4 {[%clk 1:30:55]} Nf6 {[%clk 1:30:53]} 2. c4 {[%clk 1:31:19]} e6
{[%clk 1:31:19]} 3. Nf3 {[%clk 1:31:32]} d5 {[%clk 1:31:43]} 4. Nc3
{[%clk 1:31:48]} c5 {[%clk 1:32:02]} 5. cxd5 {[%clk 1:31:04]} Nxd5
{[%clk 1:32:26]} 6. e4 {[%clk 1:30:53]} Nxc3 {[%clk 1:32:49]} 7. bxc3
{[%clk 1:31:18]} cxd4 {[%clk 1:33:12]} 8. cxd4 {[%clk 1:31:32]} Bb4+
{[%clk 1:33:36]} 9. Bd2 {[%clk 1:31:56]} Bxd2+ {[%clk 1:34:00]} 10. Qxd2
{[%clk 1:32:21]} O-O {[%clk 1:34:13]} 11. Bc4 {[%clk 1:30:19]} Nd7
{[%clk 1:34:25]} 12. O-O {[%clk 1:30:36]} b6 {[%clk 1:34:48]} 13. Rfe1
{[%clk 1:24:44]} Bb7 {[%clk 1:35:00]} 14. a4 {[%clk 1:14:33]} Nf6
{[%clk 1:31:35]} 15. Bd3 {[%clk 1:12:32]} h6 {[%clk 1:31:58]} 16. h3 Qc7
{[%clk 1:24:50]} 17. Rac1 {[%clk 0:54:02]} Qe7 {[%clk 1:22:57]} 18. a5
{[%clk 0:53:33]} bxa5 {[%clk 1:21:17]} 19. Qxa5 {[%clk 0:52:45]} Qd8
{[%clk 1:20:04]} 20. Qb4 {[%clk 0:45:12]} Rb8 {[%clk 1:14:58]} 21. Qa4
{[%clk 0:44:20]} a5 {[%clk 0:58:08]} 22. Ra1 {[%clk 0:19:24]} Ra8
{[%clk 0:57:30]} 23. Rab1 {[%clk 0:19:01]} Qc7 {[%clk 0:49:07]} 24. Ne5
{[%clk 0:17:59]} Rfc8 {[%clk 0:40:23]} 25. Qa3 {[%clk 0:17:56]} Rcb8
{[%clk 0:33:56]} 26. Rbc1 {[%clk 0:14:55]} Qd8 {[%clk 0:33:24]} 27. Qa4
{[%clk 0:14:28]} Rc8 {[%clk 0:31:38]} 28. Rb1 {[%clk 0:13:47]} Rc7
{[%clk 0:30:35]} 29. Rb5 {[%clk 0:06:44]} Bc6 {[%clk 0:27:14]} 30. Nxc6
{[%clk 0:06:57]} Rxc6 {[%clk 0:27:39]} 31. Rd1 {[%clk 0:04:21]} Qc7
{[%clk 0:22:53]} 32. Rbb1 {[%clk 0:04:27]} Rc3 {[%clk 0:21:13]} 33. Ra1
{[%clk 0:01:30]} Qf4 {[%clk 0:15:47]} 34. d5 {[%clk 0:01:45]} exd5
{[%clk 0:12:03]} 35. exd5 {[%clk 0:02:11]} Qxa4 {[%clk 0:07:59]} 1/2-1/2

[Event "World Chess Olympiad 2018"]
[Site "Batumi"]
[Date "2018.09.26"]
[Round "3"]
[Board "2"]
[WhiteFideId "404853"]
[White "McShane Luke J"]
[BlackFideId "2107139"]
[Black "Fier Alexandr"]
[Result "1/2-1/2"]
[LiveChessVersion "1.4.8"]
[BlackElo "2558"]
[WhiteElo "2672"]

1. e4 {[%clk 1:30:55]} c6 {[%clk 1:30:53]} 2. d4 {[%clk 1:30:07]} d5
{[%clk 1:31:17]} 3. e5 {[%clk 1:30:30]} Bf5 {[%clk 1:31:42]} 4. h4
{[%clk 1:30:54]} h5 {[%clk 1:31:20]} 5. Bd3 {[%clk 1:31:15]} Bxd3
{[%clk 1:31:46]} 6. Qxd3 {[%clk 1:31:41]} e6 {[%clk 1:30:08]} 7. Nf3
{[%clk 1:31:32]} Qa5+ {[%clk 1:28:55]} 8. Nbd2 {[%clk 1:28:51]} Qa6
{[%clk 1:28:25]} 9. c4 {[%clk 1:28:18]} Nd7 {[%clk 1:28:52]} 10. O-O
{[%clk 1:23:14]} Nh6 {[%clk 1:24:08]} 11. b3 {[%clk 1:15:21]} Nf5
{[%clk 1:24:33]} 12. Qc3 {[%clk 1:08:37]} Be7 {[%clk 1:21:16]} 13. a4
{[%clk 1:07:48]} Qb6 {[%clk 1:12:13]} 14. a5 {[%clk 1:01:15]} Qd8
{[%clk 1:12:17]} 15. g3 {[%clk 1:00:06]} O-O {[%clk 1:08:57]} 16. Re1
{[%clk 0:55:13]} f6 {[%clk 1:00:11]} 17. cxd5 {[%clk 0:47:52]} cxd5
{[%clk 1:00:31]} 18. exf6 {[%clk 0:48:08]} Nxf6 {[%clk 0:52:09]} 19. Ng5
{[%clk 0:41:16]} Qd7 {[%clk 0:46:35]} 20. Ndf3 {[%clk 0:32:59]} Qb5
{[%clk 0:37:34]} 21. Rxe6 {[%clk 0:30:03]} Rac8 {[%clk 0:36:33]} 22. Qe1
{[%clk 0:28:52]} Bb4 {[%clk 0:35:37]} 23. Qe2 {[%clk 0:16:28]} Qxe2
{[%clk 0:35:40]} 24. Rxe2 {[%clk 0:16:54]} Ne4 {[%clk 0:31:32]} 25. Kg2
{[%clk 0:14:43]} Bc3 {[%clk 0:28:58]} 26. Ra4 {[%clk 0:13:38]} Rfe8
{[%clk 0:22:15]} 27. Nh3 {[%clk 0:12:45]} Nf6 {[%clk 0:18:05]} 28. Nf4
{[%clk 0:10:27]} Nd6 {[%clk 0:16:04]} 29. Be3 {[%clk 0:09:04]} a6
{[%clk 0:16:12]} 30. Kf1 {[%clk 0:06:30]} Nb5 {[%clk 0:14:17]} 31. Nd3
{[%clk 0:05:14]} Ne4 {[%clk 0:13:57]} 32. Bf4 {[%clk 0:04:56]} Na7
{[%clk 0:11:31]} 33. Be3 {[%clk 0:03:50]} Nc6 {[%clk 0:11:36]} 34. Nf4
{[%clk 0:02:41]} Bxa5 {[%clk 0:09:15]} 35. Ra1 {[%clk 0:01:00]} Nf6
{[%clk 0:09:29]} 1/2-1/2

[Event "World Chess Olympiad 2018"]
[Site "Batumi"]
[Date "2018.09.26"]
[Round "3"]
[Board "4"]
[WhiteFideId "409561"]
[White "Jones Gawain C B"]
[BlackFideId "2107660"]
[Black "Mekhitarian Krikor Sevag"]
[Result "1/2-1/2"]
[LiveChessVersion "1.4.8"]
[BlackElo "2543"]
[WhiteElo "2677"]

1. e4 {[%clk 1:30:52]} c5 {[%clk 1:30:58]} 2. Nf3 {[%clk 1:30:55]} d6
{[%clk 1:31:24]} 3. Bb5+ {[%clk 1:31:08]} Nd7 {[%clk 1:31:49]} 4. O-O
{[%clk 1:30:07]} a6 {[%clk 1:32:04]} 5. Bd3 {[%clk 1:30:22]} Ngf6
{[%clk 1:32:21]} 6. c3 {[%clk 1:30:01]} b5 {[%clk 1:31:13]} 7. a4
{[%clk 1:29:47]} Bb7 {[%clk 1:31:28]} 8. axb5 {[%clk 1:29:48]} axb5
{[%clk 1:31:47]} 9. Rxa8 {[%clk 1:30:10]} Qxa8 {[%clk 1:32:10]} 10. Bxb5
{[%clk 1:30:29]} Bxe4 {[%clk 1:31:59]} 11. d4 {[%clk 1:30:28]} Bxb1
{[%clk 1:31:01]} 12. dxc5 {[%clk 1:30:42]} Be4 {[%clk 1:31:07]} 13. Re1
{[%clk 1:30:12]} e6 {[%clk 1:28:53]} 14. Rxe4 {[%clk 1:29:44]} Qxe4
{[%clk 1:28:59]} 15. c6 {[%clk 1:29:30]} Be7 {[%clk 1:28:39]} 16. Nd2
{[%clk 1:24:14]} Qd5 {[%clk 1:28:15]} 17. cxd7+ {[%clk 1:05:16]} Nxd7
{[%clk 1:28:36]} 18. Qa4 {[%clk 1:05:31]} Qb7 {[%clk 1:17:13]} 19. Bc6
{[%clk 0:52:41]} Qc7 {[%clk 1:17:14]} 20. Ne4 {[%clk 0:50:03]} f5
{[%clk 0:51:10]} 21. Ng5 {[%clk 0:40:50]} Bxg5 {[%clk 0:50:47]} 22. Bxg5
{[%clk 0:41:14]} Rg8 {[%clk 0:36:49]} 23. g4 {[%clk 0:35:59]} fxg4
{[%clk 0:32:27]} 24. Qxg4 {[%clk 0:27:37]} Kf7 {[%clk 0:32:26]} 25. Qh5+
{[%clk 0:26:11]} Kf8 {[%clk 0:32:28]} 26. Bxd7 {[%clk 0:25:03]} Qxd7
{[%clk 0:32:49]} 27. Qf3+ {[%clk 0:25:11]} Ke8 {[%clk 0:31:10]} 28. Qa8+
{[%clk 0:25:10]} Kf7 {[%clk 0:31:33]} 29. Qf3+ {[%clk 0:25:35]} Kg6
{[%clk 0:18:49]} 30. h4 {[%clk 0:25:57]} e5 {[%clk 0:18:00]} 31. Qd3+
{[%clk 0:11:50]} Kf7 {[%clk 0:15:28]} 32. Qf3+ {[%clk 0:12:13]} Kg6
{[%clk 0:15:10]} 33. Qd3+ {[%clk 0:12:38]} Qf5 {[%clk 0:07:32]} 34. Qxd6+
{[%clk 0:12:43]} Kh5 {[%clk 0:08:01]} 35. c4 {[%clk 0:07:22]} Qg4+
{[%clk 0:06:37]} 36. Kh2 {[%clk 0:07:32]} h6 {[%clk 0:01:34]} 37. Be7
{[%clk 0:07:40]} Qf4+ {[%clk 0:01:45]} 38. Kg2 {[%clk 0:07:51]} Qg4+
{[%clk 0:01:48]} 39. Kh2 {[%clk 0:08:15]} Qf4+ {[%clk 0:01:15]} 40. Kg2
{[%clk 0:38:40]} Qxc4 {[%clk 0:30:38]} 41. Qxe5+ {[%clk 0:34:32]} Kg6
{[%clk 0:27:01]} 42. b4 {[%clk 0:24:03]} Re8 {[%clk 0:21:16]} 43. Qg3+
{[%clk 0:23:38]} Kh7 {[%clk 0:20:34]} 44. Bc5 {[%clk 0:23:24]} Re1
{[%clk 0:17:14]} 45. Qf3 {[%clk 0:22:04]} Re5 {[%clk 0:16:18]} 46. Bd6
{[%clk 0:19:40]} Rd5 {[%clk 0:15:59]} 47. Bc5 {[%clk 0:19:49]} Rd8
{[%clk 0:11:22]} 48. Kg3 {[%clk 0:15:24]} Rd3 {[%clk 0:08:35]} 49. Be3
{[%clk 0:15:50]} Rb3 {[%clk 0:08:26]} 50. Qf5+ {[%clk 0:13:21]} Kg8
{[%clk 0:08:52]} 51. Qc5 {[%clk 0:06:58]} Rxb4 {[%clk 0:01:01]} 52. Qxc4+
{[%clk 0:07:18]} Rxc4 {[%clk 0:01:29]} 53. Bf4 {[%clk 0:07:39]} Kf7
{[%clk 0:01:19]} 54. Be5 {[%clk 0:07:38]} Re4 {[%clk 0:00:53]} 55. Bc3
{[%clk 0:07:52]} Kg6 {[%clk 0:00:57]} 56. f3 {[%clk 0:08:07]} Rc4
{[%clk 0:00:46]} 57. Be5 {[%clk 0:08:00]} Rb4 {[%clk 0:01:09]} 58. h5+
{[%clk 0:04:29]} Kf7 {[%clk 0:00:53]} 59. Bc3 {[%clk 0:02:25]} Ra4
{[%clk 0:01:01]} 60. Bb2 {[%clk 0:02:11]} Rc4 {[%clk 0:01:06]} 61. Ba1
{[%clk 0:01:43]} Rc7 {[%clk 0:00:38]} 62. Bb2 {[%clk 0:01:22]} Ke6
{[%clk 0:01:04]} 63. Kf4 {[%clk 0:01:23]} Rc4+ {[%clk 0:00:35]} 64. Kg3
{[%clk 0:01:49]} Rc5 {[%clk 0:00:59]} 65. f4 {[%clk 0:01:40]} Rc7
{[%clk 0:00:37]} 66. Be5 {[%clk 0:02:00]} Rb7 {[%clk 0:00:57]} 67. Kg4
{[%clk 0:02:26]} Rb1 {[%clk 0:01:23]} 68. Kf3 {[%clk 0:02:37]} Rg1
{[%clk 0:00:33]} 69. Bd4 {[%clk 0:03:05]} Rf1+ {[%clk 0:00:46]} 70. Ke4
{[%clk 0:03:24]} Kf7 {[%clk 0:01:11]} 71. Kf5 {[%clk 0:03:48]} Rh1
{[%clk 0:00:41]} 72. Kg4 {[%clk 0:04:13]} Ke6 {[%clk 0:00:54]} 73. Kf3
{[%clk 0:03:51]} Rxh5 {[%clk 0:00:33]} 74. Bxg7 {[%clk 0:04:16]} Kf5
{[%clk 0:01:00]} 75. Kg3 {[%clk 0:04:25]} Rh1 {[%clk 0:01:14]} 76. Be5
{[%clk 0:03:47]} Rb1 {[%clk 0:00:40]} 77. Kh4 {[%clk 0:03:53]} Rg1
{[%clk 0:00:44]} 78. Kh3 {[%clk 0:03:33]} Ke4 {[%clk 0:00:40]} 79. Kh4
{[%clk 0:03:09]} Kf5 {[%clk 0:00:43]} 80. Kh3 {[%clk 0:03:35]} Rg4
{[%clk 0:01:10]} 81. Bc7 {[%clk 0:03:37]} h5 {[%clk 0:01:16]} 82. Be5
{[%clk 0:03:56]} Kg6 {[%clk 0:00:52]} 83. Bd6 {[%clk 0:03:48]} Kf6
{[%clk 0:01:14]} 84. Bc7 {[%clk 0:04:08]} Ke6 {[%clk 0:01:32]} 85. Bb8
{[%clk 0:04:13]} Rg1 {[%clk 0:01:35]} 86. Be5 {[%clk 0:04:03]} Kf5
{[%clk 0:01:51]} 87. Kh2 {[%clk 0:04:05]} Rd1 {[%clk 0:00:47]} 88. Kg3
{[%clk 0:04:27]} Ke4 {[%clk 0:01:12]} 89. Bc7 {[%clk 0:02:58]} Rg1+
{[%clk 0:01:19]} 90. Kh4 {[%clk 0:03:06]} Kf5 {[%clk 0:00:47]} 91. Be5
{[%clk 0:03:05]} Rh1+ {[%clk 0:01:09]} 92. Kg3 {[%clk 0:03:33]} Rc1
{[%clk 0:00:39]} 93. Kh4 {[%clk 0:03:33]} Kg6 {[%clk 0:00:34]} 94. Kh3
{[%clk 0:03:34]} Rb1 {[%clk 0:00:46]} 95. Kg3 {[%clk 0:03:27]} Kf5
{[%clk 0:00:51]} 96. Kh4 {[%clk 0:03:53]} Rf1 {[%clk 0:00:39]} 97. Kg3
{[%clk 0:03:55]} Rh1 {[%clk 0:00:38]} 98. Kg2 {[%clk 0:04:11]} Rh4
{[%clk 0:00:35]} 99. Kg3 {[%clk 0:04:36]} Rg4+ {[%clk 0:00:59]} 100. Kh3
{[%clk 0:04:46]} Ke4 {[%clk 0:01:25]} 101. Bc7 {[%clk 0:04:31]} Rg1
{[%clk 0:00:34]} 102. Kh4 {[%clk 0:04:35]} Rc1 {[%clk 0:00:41]} 103. Bd6
{[%clk 0:04:36]} Rh1+ {[%clk 0:00:37]} 104. Kg5 {[%clk 0:04:23]} h4
{[%clk 0:00:56]} 105. f5 {[%clk 0:04:13]} h3 {[%clk 0:01:20]} 106. f6
{[%clk 0:04:22]} Rf1 {[%clk 0:00:46]} 107. Bc7 {[%clk 0:04:20]} Rf2
{[%clk 0:00:36]} 108. Bb8 {[%clk 0:01:05]} Rg2+ {[%clk 0:00:34]} 109. Kh6
{[%clk 0:01:22]} h2 {[%clk 0:00:58]} 110. Bxh2 {[%clk 0:01:47]} Rxh2+
{[%clk 0:01:27]} 111. Kg7 {[%clk 0:01:56]} Rg2+ {[%clk 0:01:18]} 112. Kh7
{[%clk 0:02:16]} Rf2 {[%clk 0:00:37]} 113. Kg7 {[%clk 0:02:41]} Rg2+
{[%clk 0:00:40]} 114. Kh7 {[%clk 0:03:07]} Ke5 {[%clk 0:00:45]} 115. f7
{[%clk 0:03:32]} Rf2 {[%clk 0:01:03]} 116. Kg7 {[%clk 0:03:56]} Rxf7+
{[%clk 0:01:05]} 117. Kxf7 1/2-1/2

[Event "World Chess Olympiad 2018"]
[Site "Batumi"]
[Date "2018.09.26"]
[Round "3"]
[Board "1"]
[WhiteFideId "12401137"]
[White "Le Quang Liem"]
[BlackFideId "10200444"]
[Black "Mollah Abdullah Al Rakib"]
[Result "1-0"]
[LiveChessVersion "1.4.8"]
[BlackElo "2472"]
[WhiteElo "2715"]

1. e4 {[%clk 1:30:56]} e5 {[%clk 1:30:51]} 2. Nf3 {[%clk 1:31:19]} Nc6
{[%clk 1:31:13]} 3. Bb5 {[%clk 1:31:41]} a6 {[%clk 1:31:32]} 4. Ba4
{[%clk 1:32:04]} Nf6 {[%clk 1:31:34]} 5. O-O {[%clk 1:32:24]} Be7
{[%clk 1:31:18]} 6. Bxc6 {[%clk 1:32:01]} dxc6 {[%clk 1:31:28]} 7. d3
{[%clk 1:32:25]} Nd7 {[%clk 1:30:48]} 8. Nbd2 {[%clk 1:32:45]} O-O
{[%clk 1:25:38]} 9. Nc4 {[%clk 1:33:06]} f6 {[%clk 1:24:44]} 10. Nh4
{[%clk 1:32:51]} Nc5 {[%clk 1:19:54]} 11. Nf5 {[%clk 1:33:10]} Bxf5
{[%clk 1:14:03]} 12. exf5 {[%clk 1:33:32]} Qd5 {[%clk 1:13:31]} 13. Re1
{[%clk 1:29:19]} Rfd8 {[%clk 1:09:06]} 14. Qg4 {[%clk 1:27:40]} Bf8
{[%clk 1:04:09]} 15. h4 {[%clk 1:17:21]} Qd4 {[%clk 0:44:29]} 16. Qh3
{[%clk 1:15:54]} b5 {[%clk 0:37:59]} 17. Be3 {[%clk 1:06:43]} Qd7
{[%clk 0:37:40]} 18. Nd2 {[%clk 1:07:05]} Na4 {[%clk 0:31:18]} 19. Ne4
{[%clk 0:59:54]} Nxb2 {[%clk 0:30:48]} 20. h5 {[%clk 1:00:18]} Qf7
{[%clk 0:26:17]} 21. h6 {[%clk 0:57:50]} g6 {[%clk 0:19:10]} 22. f4
{[%clk 0:44:35]} Bd6 {[%clk 0:16:57]} 23. Rf1 {[%clk 0:31:59]} Kh8
{[%clk 0:09:58]} 24. Rae1 {[%clk 0:24:25]} Na4 {[%clk 0:07:18]} 25. Rf3
{[%clk 0:17:37]} exf4 {[%clk 0:03:09]} 26. Nxd6 {[%clk 0:16:31]} cxd6
{[%clk 0:02:52]} 27. fxg6 {[%clk 0:11:53]} hxg6 {[%clk 0:03:21]} 28. Rxf4
{[%clk 0:11:16]} f5 {[%clk 0:02:58]} 29. g4 {[%clk 0:10:14]} Kh7 {[%clk 0:02:06]}
30. gxf5 {[%clk 0:10:04]} Rg8 {[%clk 0:01:46]} 31. fxg6+ {[%clk 0:07:04]} Rxg6+
{[%clk 0:01:24]} 32. Kh2 {[%clk 0:06:57]} Qe6 {[%clk 0:01:23]} 33. Qxe6
{[%clk 0:06:41]} Rxe6 {[%clk 0:01:52]} 34. Rf7+ {[%clk 0:07:01]} Kg8
{[%clk 0:02:10]} 35. Rg7+ {[%clk 0:05:47]} Kh8 {[%clk 0:02:32]} 36. Bd4
{[%clk 0:04:14]} Rxh6+ {[%clk 0:02:05]} 37. Kg3 {[%clk 0:04:31]} Rg8
{[%clk 0:01:17]} 38. Rg4+ {[%clk 0:04:50]} Kh7 {[%clk 0:01:41]} 39. Re7+
{[%clk 0:05:12]} 1-0